1953 1889 1816 1617 1779 1020 1183 1021 1453 1539 1352 1365 1506 1455 1548 1262 1746 1504 1473 1489 1327 1982 1417 1948 1286 1227 1065 1914 1419 1519 1792 1468 1931 1099 1092 1655 1097 1930 1639 1384 1364 1563 1204 1000 1846 1591 1299 1175 1031 1633 1863 1543 1925 1475 1350 1489 1470 1144 1529 1299 1663 1012 1949 1192 1463 1103 1113 1286 1119 1602 1620 1185 1142 1766 1473 1045 1955 1098 1245 1883 1115 1033 1633 1267 1080 1223 1960 1791 1737 1772 1621 1346 1875 1478 1735 1828 1347 1079 1181 BCNSPRNW ULIB Ver.6.0+V

เปลี่ยนเป็นภาษาไทย

Change to English
 แสดงรายละเอียดบรรณานุกรม
  กลับหน้าหลัก

Brief Record : Get Marc (ISO 2709) : E-mail record : QR code < ปิดหน้าต่าง
LEADER : 00000nam 2200000uu 4500
001    13399128531
003     ULIB
008    020711s2560 th a 000 0 tha d
020    ^a9786163920218
060    ^aWS440^bS168น
100    ^aSally
245    ^aนิทานอีสป 2 ภาษา(ไทย-อังกฤษ)สำหรับเด็กๆหัดอ่านและเรียนรู้ภาษาอังกฤษ หมาป่ากับลูกแกะ : The Wolf and the Lamb
250    ^aพิมพ์ครั้งที่ 1
260    ^aกรุงเทพฯ :^bโลกหนังสือ,^c2560
300    ^a10 หน้า;^c19 ซม.
650    ^aนิทานเด็ก
650    ^aเด็ก-พัฒนาการ
945    ^p35^l0^i010299
999    ^aประนอม เกษจรัล
รายการนี้ยังไม่มีแท็ก
คุณยังไม่ได้ล็อกอิน คุณสามารถมีกิจกรรมร่วมกับเว็บไซต์ได้ แต่ต้องล็อกอินก่อน ::
  ล็อกอิน

รายการสื่อสารสนเทศ

ลำดับที่ ประเภท เลขเรียก/บาร์โค้ด สถานที่ สถานะ
1. วิทยาศาสตร์การแพทย์ และสุขภาพ
วิทยาศาสตร์การแพทย์ และสุขภาพ
WS440 S168น ฉ.1 
  Barcode: 010299
ห้องสมุดวิทยาเขตสวรรค์ประชารักษ์
►หนังสือทั่วไป
บนชั้น

รายการใกล้เคียง
    ชื่อเรื่อง [นิทานอีสป 2 ภาษา(ไทย-อังกฤษ)สำหรับเด็กๆหัดอ่านและเรียนรู้ภาษาอังกฤษ หมาป่ากับลูกแกะ : The Wolf and the Lamb]

    ผู้แต่ง [Sally]

    หัวเรื่อง [นิทานเด็ก]
    หัวเรื่อง [เด็ก-พัฒนาการ]

BibComment


ยังไม่เคยถูกคอมเมนท์

คอมเมนท์ทรัพยากรรายการนี้
  คอมเมนท์: นิทานอีสป 2 ภาษา..


 Copyright 2026. Bcnsprnw @Library